| 000 | 01133nam a22003017a 4500 | ||
|---|---|---|---|
| 999 |
_c21606 _d21606 |
||
| 003 | AR-CdUCM | ||
| 008 | 190312b ||||| |||| 00| 0 spa d | ||
| 020 | _a9789972573491 | ||
| 040 |
_aMUNICIPALIDAD PROVINCIAL DEL CUSCO _cBIBLIOTECA MUNICIPAL DEL CUSCO |
||
| 082 |
_a361.61/B38 _bB38 |
||
| 100 |
_aBeltrán Barco, Arlette _945387 |
||
| 245 |
_aEvaluación social de proyectos para países en desarrollo / _cArlette Beltrán Barco, Hanny Cueva Beteta |
||
| 260 |
_aLima : _bUniversidad del Pacífico, _c2015. |
||
| 300 |
_a286 páginas. : _bilustraciones., diagramas ; _c24 cm. |
||
| 500 |
_zBibliografía: p. 269-277. _aGlosario: p. 279-286. |
||
| 650 |
_aInvestigaciones evaluativas _945508 |
||
| 650 |
_aProyectos de desarrollo económico _98359 |
||
| 650 |
_aEvaluación de proyectos _915126 |
||
| 650 |
_aPaíses en desarrollo _96901 |
||
| 650 |
_aEstudio de casos _98657 |
||
| 650 |
_aMetodología _92264 |
||
| 650 |
_aEstudio de casos _98657 |
||
| 650 |
_aPaíses en desarrollo _96901 |
||
| 700 |
_aCueva, Hanny _945391 |
||
| 710 |
_aUniversidad del Pacífico (Lima) _910408 |
||
| 942 |
_2ddc _cLIBROS |
||
| 945 | _aRoel | ||